Reflection on my life 's journey : (Record no. 33441)
[ view plain ]
| 000 -LEADER | |
|---|---|
| fixed length control field | 00822nam a22002417a 4500 |
| 008 - FIXED-LENGTH DATA ELEMENTS--GENERAL INFORMATION | |
| fixed length control field | 251017b |||||||| |||| 00| 0 eng d |
| 017 ## - LEGAL DEPOSIT NUMBER | |
| Legal deposit number | LD.2516 |
| 018 ## - LEGAL DEPOSIT YEAR | |
| LDD Year | 2025 |
| 020 ## - INTERNATIONAL STANDARD BOOK NUMBER | |
| ISBN | 9789788557715 |
| 040 ## - CATALOGING SOURCE | |
| Original cataloging agency | NLN |
| Language of cataloging | English |
| Description conventions | AACR2 |
| 100 ## - MAIN ENTRY--AUTHOR | |
| Author | ALUTU, Azuka N. |
| Relator term | aut |
| 245 ## - TITLE STATEMENT | |
| Title | Reflection on my life 's journey : |
| Remainder of title | a vasedictory message / |
| Statement of responsibility, etc | Azuka Ngozi Grace Alutu |
| 260 ## - PUBLICATION, DISTRIBUTION, ETC. (IMPRINT) | |
| Place of publication | Benin, Edo State (No 22 Benin Technical College Road Ugbowo P .O . BOX 5087) : |
| Name of publisher | Mindex Publishing Company, |
| Date of publication | 2024 |
| 300 ## - COLLATION | |
| Pagination | xix, 124p. : |
| Other physical details | ill. , ports. col. ; 23cm. |
| 563 ## - BINDING INFORMATION | |
| Binding note | (pbk) |
| 650 ## - TRACINGS | |
| Main Subject | Alutu, Azuka Ngozi Grace |
| 650 ## - TRACINGS | |
| Main Subject | College teachers |
| Subdivision (1st) | Nigeria |
| Subdivision (2nd) | Biography |
| 650 ## - TRACINGS | |
| Main Subject | Life |
| 942 ## - ADDED ENTRY ELEMENTS (KOHA) | |
| Item type | Books |
| Suppress in OPAC | No |
| 050 ## - LIBRARY OF CONGRESS CALL NUMBER | |
| Classification number | DT515.83.A471 |
| Item number | A3 |
| 082 ## - DEWEY DECIMAL CLASSIFICATION NUMBER | |
| Classification number | 923.7 |
| Source of classification or shelving scheme | Not for loan | Home library | Current library | Date acquired | Mode of acquisition | Accession No. | Full call number | Barcode. | Copy number | Koha item type |
|---|---|---|---|---|---|---|---|---|---|---|
| Library of Congress Classification | ABUJA LIBRARY BRANCH | National Library of Nigeria | 17/10/2025 | Legal deposit | 456506 | DT515.83.A471 A3 | 456506 | 1 | Books | |
| Library of Congress Classification | BENIN BRANCH | National Library of Nigeria | 17/10/2025 | Legal deposit | 459505 | DT515.83.A471 A3 | 459505 | 1 | Books | |
| Library of Congress Classification | DUTSE BRANCH | National Library of Nigeria | 17/10/2025 | Legal deposit | 459507 | DT515.83.A471 A3 | 459507 | 1 | Books |
